| 000 | 00521nam a22001937a 4500 | ||
|---|---|---|---|
| 003 | OSt | ||
| 005 | 20140310181749.0 | ||
| 008 | 130626t xxu||||| |||| 00| 0 eng d | ||
| 020 | _a897055582X | ||
| 050 |
_aPL 984 _b.K49 1972 |
||
| 082 |
_aIB 951.98 _bK56 1972 |
||
| 245 |
_aCamellia blossom : _b9 novels including spring spring / _cYoo Jung Kim |
||
| 260 |
_aHong Sin Mun Hwa Sa : _bSn, _cc1972. |
||
| 300 |
_a271 p. ; _c22 cm. |
||
| 521 | _aIB students | ||
| 541 | _j1 | ||
| 562 | _e1 | ||
| 942 |
_2lcc _cIB |
||
| 999 |
_c3113 _d3113 |
||